Sankashū hyōshaku /

Saved in:
நூற்பட்டியல் விவரங்கள்
தலைமை எழுத்தாளர்: Saigyō, 1118-1190.
மற்ற எழுத்தாளர்கள்: Chikatsu, Yoshishige.
வடிவம்: புத்தகம்
மொழி:Japanese
வெளியீடப்பட்டது: Tōkyō : Daigakukan, Taishō 4 [1915]
குறியீடுகள்: குறிச்சொல் இணை
குறியீடுகள் இல்லை, இந்த குறிச்சொல்லை முதலில் பதிவு செய்யுங்கள்!
LEADER 00798nam a2200241ui 4500
001 007724603-9
005 20024617122053.0
008 980302s1915 ja 000 0 jpn d
035 0 |a ocm38532138 
040 |a *YNH*  |c *YNH*  |d CStRLIN 
100 0 |6 880-01  |a Saigyō,  |d 1118-1190. 
240 1 0 |6 880-02  |a Sankashū 
245 1 0 |6 880-03  |a Sankashū hyōshaku /  |c Saigyō ei ; Chikatsu Yoshishige cho. 
260 |6 880-04  |a Tōkyō :  |b Daigakukan,  |c Taishō 4 [1915] 
300 |a 285 p. ;  |c 15 cm. 
700 1 |6 880-05  |a Chikatsu, Yoshishige. 
880 0 |6 100-01  |a 西行,  |d 1118-1190. 
880 1 0 |6 240-02  |a 山家集 
880 1 0 |6 245-03  |a 山家集評釋 /  |c 西行詠; 千勝義重著. 
880 |6 260-04  |a 東京 :  |b 大學館,  |c 大正4 [1915] 
880 1 |6 700-05  |a 千勝義重. 
988 |a 20021221 
906 |0 MH